Every Fallout Power Armors - Statistics

General Stats
  • This quiz has been taken 13 times
  • The average score is 10 of 17
Answer Stats
Answer % Correct
T-45
100%
T-51
100%
Raider
90%
T-60
90%
T-65
90%
X-01
90%
Hellfire
80%
X-02
70%
Advanced / Remnants (APA)
60%
Overboss
50%
Hellcat
40%
NCR Salvaged
40%
Ultracite
40%
Vulcan
30%
Union
20%
Strangler Heart
10%
Excavator (EXC-17)
0%
No matching quizzes found
Score Distribution
Percent of People with Each Score
Percentile by Number Answered
Your Score History
You have not taken this quiz